<?xml version="1.0" encoding="UTF-8"?>
<record
    xmlns:xsi="http://www.w3.org/2001/XMLSchema-instance"
    xsi:schemaLocation="http://www.loc.gov/MARC21/slim http://www.loc.gov/standards/marcxml/schema/MARC21slim.xsd"
    xmlns="http://www.loc.gov/MARC21/slim">

  <leader>01962nam a22002897a 4500</leader>
  <controlfield tag="003">NALT</controlfield>
  <controlfield tag="005">20240824073859.0</controlfield>
  <controlfield tag="008">231028b        th ||||| |||| 00| 0 tha d</controlfield>
  <datafield tag="020" ind1=" " ind2=" ">
    <subfield code="a">9789747725445</subfield>
  </datafield>
  <datafield tag="040" ind1=" " ind2=" ">
    <subfield code="a">NALT</subfield>
  </datafield>
  <datafield tag="041" ind1=" " ind2=" ">
    <subfield code="a">tha</subfield>
  </datafield>
  <datafield tag="090" ind1=" " ind2=" ">
    <subfield code="a">KD 62</subfield>
    <subfield code="b">&#xE28;365&#xE04; 2550 &#xE04;.3-5</subfield>
  </datafield>
  <datafield tag="110" ind1="0" ind2=" ">
    <subfield code="a">&#xE2A;&#xE33;&#xE19;&#xE31;&#xE01;&#xE07;&#xE32;&#xE19;&#xE28;&#xE32;&#xE25;&#xE23;&#xE31;&#xE10;&#xE18;&#xE23;&#xE23;&#xE21;&#xE19;&#xE39;&#xE0D;</subfield>
  </datafield>
  <datafield tag="245" ind1="1" ind2="0">
    <subfield code="a">&#xE04;&#xE33;&#xE27;&#xE34;&#xE19;&#xE34;&#xE08;&#xE09;&#xE31;&#xE22;&#xE04;&#xE13;&#xE30;&#xE15;&#xE38;&#xE25;&#xE32;&#xE01;&#xE32;&#xE23;&#xE23;&#xE31;&#xE10;&#xE18;&#xE23;&#xE23;&#xE21;&#xE19;&#xE39;&#xE0D;&#xE17;&#xE35;&#xE48; 3-5/2550 &#xE40;&#xE23;&#xE37;&#xE48;&#xE2D;&#xE07; &#xE2D;&#xE31;&#xE22;&#xE01;&#xE32;&#xE23;&#xE2A;&#xE39;&#xE07;&#xE2A;&#xE38;&#xE14;&#xE02;&#xE2D;&#xE43;&#xE2B;&#xE49;&#xE21;&#xE35;&#xE04;&#xE33;&#xE2A;&#xE31;&#xE48;&#xE07;&#xE22;&#xE38;&#xE1A;&#xE1E;&#xE23;&#xE23;&#xE04;&#xE1E;&#xE31;&#xE12;&#xE19;&#xE32;&#xE0A;&#xE32;&#xE15;&#xE34;&#xE44;&#xE17;&#xE22; &#xE1E;&#xE23;&#xE23;&#xE04;&#xE41;&#xE1C;&#xE48;&#xE19;&#xE14;&#xE34;&#xE19;&#xE44;&#xE17;&#xE22; &#xE41;&#xE25;&#xE30;&#xE1E;&#xE23;&#xE23;&#xE04;&#xE44;&#xE17;&#xE22;&#xE23;&#xE31;&#xE01;&#xE44;&#xE17;&#xE22; &#xE1E;&#xE23;&#xE49;&#xE2D;&#xE21;&#xE04;&#xE27;&#xE32;&#xE21;&#xE40;&#xE2B;&#xE47;&#xE19;&#xE43;&#xE19;&#xE01;&#xE32;&#xE23;&#xE27;&#xE34;&#xE19;&#xE34;&#xE08;&#xE09;&#xE31;&#xE22;&#xE04;&#xE14;&#xE35;&#xE2A;&#xE48;&#xE27;&#xE19;&#xE15;&#xE19;&#xE02;&#xE2D;&#xE07;&#xE15;&#xE38;&#xE25;&#xE32;&#xE01;&#xE32;&#xE23;&#xE23;&#xE31;&#xE10;&#xE18;&#xE23;&#xE23;&#xE21;&#xE19;&#xE39;&#xE0D; /</subfield>
    <subfield code="c">&#xE2A;&#xE33;&#xE19;&#xE31;&#xE01;&#xE07;&#xE32;&#xE19;&#xE28;&#xE32;&#xE25;&#xE23;&#xE31;&#xE10;&#xE18;&#xE23;&#xE23;&#xE21;&#xE19;&#xE39;&#xE0D;.</subfield>
  </datafield>
  <datafield tag="250" ind1=" " ind2=" ">
    <subfield code="a">&#xE1E;&#xE34;&#xE21;&#xE1E;&#xE4C;&#xE04;&#xE23;&#xE31;&#xE49;&#xE07;&#xE17;&#xE35;&#xE48; 2.</subfield>
  </datafield>
  <datafield tag="260" ind1="3" ind2=" ">
    <subfield code="a">&#xE01;&#xE23;&#xE38;&#xE07;&#xE40;&#xE17;&#xE1E;&#xE2F; :</subfield>
    <subfield code="b">&#xE2A;&#xE33;&#xE19;&#xE31;&#xE01;&#xE07;&#xE32;&#xE19;&#xE28;&#xE32;&#xE25;&#xE23;&#xE31;&#xE10;&#xE18;&#xE23;&#xE23;&#xE21;&#xE19;&#xE39;&#xE0D;,</subfield>
    <subfield code="c">2550.</subfield>
  </datafield>
  <datafield tag="300" ind1=" " ind2=" ">
    <subfield code="a">782 &#xE2B;&#xE19;&#xE49;&#xE32; ;</subfield>
    <subfield code="c">30 &#xE0B;&#xE21;.</subfield>
  </datafield>
  <datafield tag="610" ind1="2" ind2="0">
    <subfield code="a">&#xE2A;&#xE33;&#xE19;&#xE31;&#xE01;&#xE07;&#xE32;&#xE19;&#xE28;&#xE32;&#xE25;&#xE23;&#xE31;&#xE10;&#xE18;&#xE23;&#xE23;&#xE21;&#xE19;&#xE39;&#xE0D;</subfield>
    <subfield code="9">6436</subfield>
  </datafield>
  <datafield tag="650" ind1=" " ind2="4">
    <subfield code="a">&#xE1E;&#xE23;&#xE23;&#xE04;&#xE1B;&#xE23;&#xE30;&#xE0A;&#xE32;&#xE18;&#xE34;&#xE1B;&#xE44;&#xE15;&#xE22;&#xE01;&#xE49;&#xE32;&#xE27;&#xE2B;&#xE19;&#xE49;&#xE32; </subfield>
    <subfield code="9">47182</subfield>
    <subfield code="x">&#xE01;&#xE32;&#xE23;&#xE1E;&#xE34;&#xE08;&#xE32;&#xE23;&#xE13;&#xE32;&#xE41;&#xE25;&#xE30;&#xE15;&#xE31;&#xE14;&#xE2A;&#xE34;&#xE19;&#xE04;&#xE14;&#xE35;</subfield>
  </datafield>
  <datafield tag="650" ind1=" " ind2="4">
    <subfield code="a">&#xE01;&#xE32;&#xE23;&#xE22;&#xE38;&#xE1A;&#xE1E;&#xE23;&#xE23;&#xE04;&#xE01;&#xE32;&#xE23;&#xE40;&#xE21;&#xE37;&#xE2D;&#xE07; </subfield>
    <subfield code="9">28355</subfield>
    <subfield code="x">&#xE04;&#xE33;&#xE27;&#xE34;&#xE19;&#xE34;&#xE08;&#xE09;&#xE31;&#xE22;&#xE28;&#xE32;&#xE25;&#xE23;&#xE31;&#xE10;&#xE18;&#xE23;&#xE23;&#xE21;&#xE19;&#xE39;&#xE0D;</subfield>
  </datafield>
  <datafield tag="650" ind1=" " ind2="4">
    <subfield code="a">&#xE01;&#xE32;&#xE23;&#xE22;&#xE38;&#xE1A;&#xE1E;&#xE23;&#xE23;&#xE04;&#xE01;&#xE32;&#xE23;&#xE40;&#xE21;&#xE37;&#xE2D;&#xE07;</subfield>
    <subfield code="9">34155</subfield>
    <subfield code="x">&#xE01;&#xE32;&#xE23;&#xE1E;&#xE34;&#xE08;&#xE32;&#xE23;&#xE13;&#xE32;&#xE41;&#xE25;&#xE30;&#xE15;&#xE31;&#xE14;&#xE2A;&#xE34;&#xE19;&#xE04;&#xE14;&#xE35;</subfield>
  </datafield>
  <datafield tag="650" ind1=" " ind2="4">
    <subfield code="a">&#xE01;&#xE32;&#xE23;&#xE22;&#xE38;&#xE1A;&#xE1E;&#xE23;&#xE23;&#xE04;&#xE01;&#xE32;&#xE23;&#xE40;&#xE21;&#xE37;&#xE2D;&#xE07; </subfield>
    <subfield code="9">24582</subfield>
    <subfield code="x">&#xE01;&#xE32;&#xE23;&#xE27;&#xE34;&#xE19;&#xE34;&#xE08;&#xE09;&#xE31;&#xE22;</subfield>
  </datafield>
  <datafield tag="850" ind1=" " ind2=" ">
    <subfield code="a">NALT</subfield>
  </datafield>
  <datafield tag="942" ind1=" " ind2=" ">
    <subfield code="c">LB</subfield>
    <subfield code="2">local</subfield>
  </datafield>
  <datafield tag="996" ind1=" " ind2=" ">
    <subfield code="a">kornsiririn.r</subfield>
    <subfield code="b">CATSTF	</subfield>
    <subfield code="c">2023-10-28</subfield>
  </datafield>
  <datafield tag="999" ind1=" " ind2=" ">
    <subfield code="c">103775</subfield>
    <subfield code="d">103775</subfield>
  </datafield>
  <datafield tag="998" ind1=" " ind2=" ">
    <subfield code="j"></subfield>
    <subfield code="k">CRON CRON</subfield>
  </datafield>
  <datafield tag="952" ind1=" " ind2=" ">
    <subfield code="0">0</subfield>
    <subfield code="1">0</subfield>
    <subfield code="2">local</subfield>
    <subfield code="4">0</subfield>
    <subfield code="7">0</subfield>
    <subfield code="8">CSEN</subfield>
    <subfield code="a">NALT</subfield>
    <subfield code="b">NALT</subfield>
    <subfield code="c">LAW</subfield>
    <subfield code="d">2023-10-28</subfield>
    <subfield code="l">0</subfield>
    <subfield code="o">KD 62 &#xE28;365&#xE04; 2550 &#xE04;.3-5</subfield>
    <subfield code="p">0100003712002</subfield>
    <subfield code="r">2024-01-31 00:00:00</subfield>
    <subfield code="w">2023-10-28</subfield>
    <subfield code="y">LB</subfield>
  </datafield>
</record>
